Full 2022 NFL Draft - Statistics

General Stats
  • This quiz has been taken 1,934 times
    1,919 since last reset
  • The average score is 79 of 262
Answer Stats
# Team Position School Answer % Correct
2 Lions EDGE Michigan Aidan Hutchinson
94%
4 Jets CB Cincinnati Ahmad Gardner
91%
1 Jaguars EDGE Georgia Travon Walker
91%
41 Seahawks RB Michigan State Kenneth Walker III
90%
22 Packers LB Georgia Quay Walker
90%
249 Packers OT Penn State Rasheed Walker
89%
10 Jets WR Ohio State Garrett Wilson
88%
11 Saints WR Ohio State Chris Olave
87%
8 Falcons WR USC Drake London
87%
3 Texans CB LSU Derek Stingley
85%
12 Lions WR Alabama Jameson Williams
85%
141 Ravens CB Houston Damarion Williams
84%
135 Chiefs CB Fayetteville State Joshua Williams
84%
20 Steelers QB Pittsburgh Kenny Pickett
84%
164 Rams RB Notre Dame Kyren Williams
84%
56 Cowboys EDGE Ole Miss Sam Williams
84%
14 Ravens S Notre Dame Kyle Hamilton
77%
16 Commanders WR Penn State Jahan Dotson
75%
18 Titans WR Arkansas Treylon Burks
74%
93 49ers RB LSU Tyrion Davis-Price
74%
26 Jets EDGE Florida State Jermaine Johnson
73%
13 Eagles DT Georgia Jordan Davis
73%
5 Giants EDGE Oregon Kayvon Thibodeaux
73%
17 Chargers OG Boston College Zion Johnson
73%
159 Colts DT Missouri State Eric Johnson
72%
7 Giants OT Alabama Evan Neal
72%
119 Ravens CB Alabama Jalyn Armour-Davis
72%
220 49ers DT UCF Kalia Davis
72%
181 Eagles LB Kansas Kyron Johnson
72%
162 Broncos WR Samford Montrell Johnson
72%
259 Chiefs S Marshall Nazeeh Johnson
72%
24 Cowboys OT Tulsa Tyler Smith
72%
120 Panthers LB Penn State Brandon Smith
71%
215 Cardinals OG Virginia Tech Lecitus Smith
71%
158 Seahawks EDGE Ohio State Tyreke Smith
71%
36 Jets RB Iowa State Breece Hall
66%
34 Packers WR North Dakota St Christian Watson
66%
33 Bucs DL Houston Logan Hall
66%
21 Chiefs CB Washington Trent McDuffie
66%
9 Seahawks OT Mississippi State Charles Cross
65%
243 Chiefs CB Washington State Jaylen Watson
65%
96 Colts S Maryland Nick Cross
64%
25 Ravens C Iowa Tyler Linderbaum
60%
30 Chiefs EDGE Purdue George Karlaftis
58%
52 Steelers WR Georgia George Pickens
57%
6 Panthers OL NC State Ikem Ekwonu
57%
98 Commanders RB Alabama Brian Robinson Jr
54%
29 Patriots OG Chattanooga Cole Strange
54%
174 Bears EDGE Miami Ohio Dominique Robinson
54%
23 Bills CB Florida Kaiir Elam
54%
86 Titans QB Liberty Malik Willis
54%
225 Steelers LB Ole Miss Mark Robinson
54%
43 Giants WR Kentucky Wan'Dale Robinson
54%
31 Bengals S Michigan Daxton Hill
53%
63 Bills RB Georgia James Cook
53%
62 Chiefs S Cincinnati Bryan Cook
52%
121 Patriots CB Arizona State Jack Jones
52%
15 Texans OG Texas A&M Kenyon Green
52%
85 Patriots CB Houston Marcus Jones
52%
54 Chiefs WR Western Michigan Skyy Moore
52%
71 Bears WR Tennessee Velus Jones Jr
52%
53 Colts WR Cincinnati Alec Pierce
51%
168 Bears OL Southern Utah Braxton Jones
51%
74 Falcons QB Cincinnati Desmond Ridder
51%
76 Ravens DT UConn Travis Jones
51%
262 49ers QB Iowa State Brock Purdy
50%
107 Texans RB Florida Dameon Pierce
50%
27 Jaguars LB Utah Devin Lloyd
50%
32 Vikings S Georgia Lewis Cine
50%
91 Bucs RB Arizona State Rachaad White
50%
19 Saints OT Northern Iowa Trevor Penning
50%
122 Raiders RB Georgia Zamir White
49%
44 Texans WR Alabama John Metchie III
48%
55 Cardinals TE Colorado State Trey McBride
44%
28 Packers DL Georgia Devonte Wyatt
43%
37 Texans S Baylor Jalen Pitre
43%
94 Panthers QB Ole Miss Matt Corral
41%
144 Commanders QB North Carolina Sam Howell
41%
61 49ers EDGE USC Drake Jackson
40%
161 Saints LB Appalachian State D'Marco Jackson
39%
194 Saints DL Air Force Jordan Jackson
39%
204 Titans S Tennessee Theo Jackson
39%
250 Raiders RB UCLA Brittain Brown
38%
222 Jaguars CB Arkansas Montaric Brown
38%
50 Patriots WR Baylor Tyquan Thornton
38%
42 Vikings CB Clemson Andrew Booth Jr
36%
137 Patriots QB Western Kentucky Bailey Zappe
36%
48 Bears S Penn State Jaquan Brisker
36%
83 Eagles LB Georgia Nakobe Dean
35%
60 Bengals DB Nebraska Cam Taylor-Britt
34%
99 Browns WR Purdue David Bell
34%
45 Ravens EDGE Michigan David Ojabo
33%
39 Bears CB Washington Kyler Gordon
33%
40 Seahawks EDGE Minnesota Boye Mafe
32%
35 Titans CB Auburn Roger McCreary
32%
49 Saints DB Tennessee Alontae Taylor
31%
214 Chargers CB Wake Forest Ja'Sir Taylor
31%
226 Bears OG Southern Ja'Tyre Carter
31%
132 Packers WR Nevada Romeo Doubs
31%
95 Bengals DT Florida Zach Carter
31%
58 Falcons LB Montana State Troy Andersen
30%
51 Eagles C Nebraska Cameron Jurgens
29%
139 Ravens TE Coastal Carolina Isaiah Likely
29%
92 Packers OL UCLA Sean Rhyan
29%
87 Cardinals EDGE San Diego State Cameron Thomas
28%
223 Browns DE Oklahoma Isaiah Thomas
28%
73 Colts TE Virginia Jelani Woods
28%
79 Chargers S Baylor JT Woods
28%
239 Colts S Yale Rodney Thomas II
28%
153 Seahawks DB UTSA Tariq Woolen
28%
186 Bears OT San Diego State Zach Thomas
28%
38 Falcons EDGE Penn State Arnold Ebiketie
27%
75 Texans LB Alabama Christian Harris
27%
183 Patriots RB South Carolina Kevin Harris
27%
202 Browns WR Oklahoma Mike Woods II
27%
124 Browns K LSU Cade York
26%
80 Broncos TE UCLA Greg Dulcich
26%
151 Falcons RB BYU Tyler Allgeier
26%
106 Bucs TE Washington Cade Otton
25%
109 Seahawks CB Cincinnati Coby Bryant
24%
88 Cowboys WR South Alabama Jalen Tolbert
24%
180 Bills P San Diego State Matt Araiza
24%
166 Bengals S Toledo Tycen Anderson
24%
72 Seahawks OT Washington State Abraham Lucas
23%
237 Lions CB Arizona State Chase Lucas
23%
247 Dolphins QB Kansas State Skylar Thompson
23%
112 Giants TE San Diego State Daniel Bellinger
22%
251 Chiefs RB Rutgers Isaih Pacheco
22%
148 Bills WR Boise State Khalil Shakir
22%
138 Steelers WR Memphis Calvin Austin III
21%
70 Jaguars LB Wyoming Chad Muma
21%
59 Vikings OG LSU Ed Ingram
21%
129 Cowboys TE Wisconsin Jake Ferguson
21%
101 Jets TE Ohio State Jeremy Ruckert
21%
201 Cardinals RB USC Keontay Ingram
21%
123 Chargers RB Texas A&M Isaiah Spiller
20%
46 Lions DE Kentucky Josh Paschal
20%
97 Lions S Illinois Kerby Joseph
20%
103 Chiefs LB Wisconsin Leo Chenal
20%
68 Browns CB Mississippi State Martin Emerson
20%
64 Broncos EDGE Oklahoma Nik Bonnito
20%
77 Colts OT Central Michigan Bernhard Raimann
19%
115 Broncos CB Pittsburgh Damarri Mathis
19%
47 Commanders DT Alabama Phidarian Mathis
19%
177 Lions TE Virginia Tech James Mitchell
18%
57 Bucs OT Central Michigan Luke Goedeke
18%
111 Jets OT UL Lafayette Max Mitchell
18%
127 Patriots RB South Dakota St Pierre Strong Jr
18%
66 Vikings LB Oklahoma Brian Asamoah
17%
84 Steelers DL Texas A&M DeMarvin Leal
17%
131 Titans RB Michigan Hassan Haskins
17%
69 Titans OT Ohio State Nicholas Petit-Frere
17%
78 Browns DE UAB Alex Wright
16%
156 Browns RB Cincinnati Jerome Ford
16%
234 Packers DT Miami Jonathan Ford
16%
143 Titans TE Maryland Chig Okonkwo
15%
208 Steelers FB/TE Michigan State Connor Heyward
15%
81 Giants CB LSU Cordale Flott
15%
105 49ers WR SMU Danny Gray
15%
65 Jaguars C Kentucky Luke Fortner
15%
100 Cardinals EDGE Cincinnati Myjai Sanders
15%
140 Packers OL Wake Forest Zach Tom
15%
128 Ravens TE Iowa State Charlie Kolar
14%
110 Ravens OT Minnesota Daniel Faalele
14%
152 Broncos S Oklahoma Delarrin Turner-Yell
14%
67 Giants OG North Carolina Josh Ezeudu
14%
188 Lions LB Oklahoma State Malcolm Rodriguez
14%
102 Dolphins LB Georgia Channing Tindall
13%
149 Commanders TE Nevada Cole Turner
13%
176 Cowboys LB LSU Damone Clark
13%
90 Raiders OG Memphis Dylan Parham
13%
133 Bucs P Georgia Jake Camarda
13%
130 Ravens P Penn State Jordan Stout
13%
118 Vikings CB Missouri Akayleb Evans
12%
233 Seahawks WR Lenoir-Rhyne Dareke Young
12%
163 Titans WR UCLA Kyle Philips
12%
108 Browns DT Oklahoma Perrion Winfrey
12%
169 Vikings RB North Carolina Ty Chandler
12%
145 Chiefs OL Kentucky Darian Kinnard
11%
217 Lions EDGE Jackson State James Houston
11%
89 Bills LB Baylor Terrel Bernard
11%
229 Seahawks WR Rutgers Bo Melton
10%
125 Dolphins WR Texas Tech Erik Ezukanma
10%
191 Vikings WR Michigan State Jalen Nailor
10%
179 Packers EDGE South Carolina Kingsley Enagbare
10%
146 Giants LB Indiana Micah McFadden
10%
154 Jaguars RB Ole Miss Snoop Conner
10%
241 Steelers QB South Dakota St Chris Oladokun
9%
167 Cowboys CB Fresno State DaRon Bland
9%
212 Rams CB Georgia Derion Kendrick
9%
198 Eagles TE SMU Grant Calcaterra
9%
104 Rams OL Wisconsin Logan Bruss
9%
136 Bengals OT North Dakota St Cordell Volson
8%
114 Giants DB Iowa Dane Belton
8%
82 Falcons EDGE Western Kentucky DeAngelo Malone
8%
195 Chargers OL Georgia Jamaree Salyer
8%
175 Raiders DT Tennessee Matthew Butler
8%
113 Commanders S UL Lafayette Percy Butler
8%
258 Packers WR Nebraska Samori Toure
8%
219 Titans LB Ole Miss Chance Campbell
7%
142 Rams CB South Carolina St Decobie Durant
7%
147 Giants DT Arizona State DJ Davidson
7%
218 Bucs TE Minnesota Ko Kieft
7%
117 Jets EDGE Texas A&M Michael Clemons
7%
196 Ravens RB Missouri Tyler Badie
7%
157 Bucs CB Sam Houston St Zyon McCollum
7%
185 Bills CB Villanova Christian Benford
6%
182 Giants LB Cincinnati Darrian Beavers
6%
178 Cowboys DT Arkansas John Ridgeway
6%
126 Raiders DT LSU Neil Farrell
6%
200 Patriots DL NW Missouri St Sam Roberts
6%
134 49ers OT UTSA Spencer Burford
6%
170 Texans TE Oregon State Teagan Quitoriano
6%
189 Panthers EDGE Virginia Tech Amaré Barno
5%
199 Panthers OL Tennessee Cade Mays
5%
230 Commanders OL Tulsa Chris Paul
5%
216 Colts DT Cincinnati Curtis Brooks
5%
116 Broncos EDGE Iowa State Eyioma Uwazurike
5%
213 Falcons TE Georgia John FitzPatrick
5%
155 Cowboys OT North Dakota Matt Waletzko
5%
221 49ers CB Penn State Tariq Castro-Fields
5%
238 Raiders OG Ohio State Thayer Munford
5%
150 Texans DL Stanford Thomas Booker
5%
203 Bears RB Baylor Trestan Ebner
5%
184 Vikings OT Illinois Vederian Lowe
5%
260 Chargers RB/FB Purdue Zander Horvath
5%
231 Bills LB Clemson Baylon Spector
4%
210 Patriots OG LSU Chasen Hines
4%
244 Cardinals CB Valdosta State Christian Matthew
4%
193 Cowboys LB Oklahoma State Devin Harper
4%
254 Bears S Cal Elijah Hicks
4%
232 Broncos CB Wisconsin Faion Hicks
4%
252 Bengals EDGE Coastal Carolina Jeffrey Gunter
4%
242 Panthers CB Baylor Kalon Barnes
4%
171 Broncos C Washington Luke Wattenberg
4%
173 Giants OG North Carolina Marcus McKethan
4%
227 Vikings TE South Carolina Nick Muse
4%
187 49ers OT Fordham Nick Zakelj
4%
211 Rams S UCLA Quentin Lake
4%
253 Rams S Kansas State Russ Yeast
4%
255 Bears P NC State Trenton Gill
4%
248 Bucs EDGE LSU Andre Anthony
3%
192 Colts TE Youngstown State Andrew Ogletree
3%
205 Texans OT LSU Austin Deculus
3%
240 Commanders CB Oklahoma State Christian Holmes
3%
207 Bears C Illinois Doug Kramer
3%
165 Vikings DE Minnesota Esezi Otomewo
3%
197 Jaguars CB Quachita Baptist Gregory Junior
3%
256 Cardinals OLB Penn State Jesse Luketa
3%
190 Falcons OG Georgia Justin Shaffer
3%
257 Cardinals OG Oklahoma Marquis Hayes
3%
206 Broncos DL Wisconsin Matt Henningsen
3%
160 Chargers DT UCLA Otito Ogbonnia
3%
172 49ers CB Toledo Samuel Womack
3%
228 Packers LB/S Georgia Tech Tariq Carpenter
3%
261 Rams OT Michigan State AJ Arcuri
2%
245 Patriots OL Michigan Andrew Stueber
2%
224 Dolphins EDGE Cal Cameron Goode
2%
235 Rams EDGE Montana State Daniel Hardy
2%
246 Browns C Texas Tech Dawson Deaton
2%
236 Chargers CB Ole Miss Deane Leonard
2%
209 Bills OT Virginia Tech Luke Tenuta
2%
No matching quizzes found
Score Distribution
Percent of People with Each Score
Percentile by Number Answered
Your Score History
You have not taken this quiz since the last reset